| 000 | 01304nam a2200277 i 4500 | ||
|---|---|---|---|
| 001 | bg | ||
| 245 | 0 | 0 |
_aAktywizacja wiejskich obszarów problemowych / _cpod red. nauk. Marka Kłodzińskiego i Włodzimierza Dzuna ; Instytut Rozwoju Wsi i Rolnictwa Polskiej Akademii Nauk, Katedra Rozwoju Obszarów Wiejskich i Organizacji Gospodarki Żywnościowej WEiOGŻ Akademii Rolniczej w Szczecinie. |
| 260 |
_aWarszawa : _bIRWiR PAN, _c2003. |
||
| 300 |
_a205, [1] s. : _bil. ; _c24 cm. |
||
| 490 | 1 | _aProblemy Rozwoju Wsi i Rolnictwa | |
| 504 | _aBibliogr. przy pracach. | ||
| 650 | 9 |
_aWieś _xgospodarka _xpolityka _zPolska _yod 1989 r. |
|
| 700 | 1 |
_aKŁODZIŃSKI, Marek _d(1938- ). _eRed. |
|
| 700 | 1 |
_aDZUN, Włodzimierz. _eRed. |
|
| 710 | 0 |
_aPolska Akademia Nauk _bInstytut Rozwoju Wsi i Rolnictwa |
|
| 710 | 0 |
_aAkademia Rolnicza (Szczecin) _bKatedra Rozwoju Obszarów Wiejskich i Gospodarki Żywnościowej |
|
| 830 | _aProblemy Rozwoju Wsi i Rolnictwa | ||
| 020 | _a8385369651 | ||
| 040 | _cBPK | ||
| 041 | 0 |
_apol _beng |
|
| 080 | _a338.43(438)"1989/..." | ||
| 920 | _a83-85369-65-1 | ||
| 942 | _cKS | ||
| 008 | s pl f |000 0 pol | ||
| 999 |
_c44030 _d44030 |
||
| 856 |
_uhttp://koha.tu.koszalin.pl/cgi-bin/koha/opac-detail.pl?biblionumber=44030 _yKatalog online BPK |
||